|
|
|
|
| LEADER |
00000cam a2200000 7i4500 |
| 001 |
0000016604 |
| 005 |
20071119.0 |
| 040 |
|
|
|a INS
|
| 090 |
0 |
0 |
|a EH15
|
| 245 |
1 |
0 |
|a Property management :
|b managing new building technologies in shopping complexes
|c Institut Penilaian Negara
|
| 260 |
|
|
|a Bangi :
|b Institut Penilaian Negara ,
|c 2005
|
| 300 |
|
|
|a 35 ms. :
|b ill ;
|c 29 cm.
|
| 650 |
0 |
0 |
|a Shopping centers
|
| 650 |
0 |
0 |
|a Shopping malls
|x Decoration
|
| 856 |
|
|
|u http://app.inspen.gov.my:7779/pls/portal/docs/PAGE/CORPORATEPAGES/PORTAL_INSPEN/NOTA_KURSUS/EH/AT)%20MANAGING%20NEW%20BUILDING%20TECHNOLOGY%20IN%20SHOPPING%20COMPLEXES.PDF
|
| 999 |
|
|
|a EH00000020
|b BOOK
|c Course Notes
|e Default branch
|
| 999 |
|
|
|a EH00000021
|b BOOK
|c Course Notes
|e Default branch
|
| 999 |
|
|
|a EH00000022
|b BOOK
|c Course Notes
|e Default branch
|